|
|
|
|
| LEADER |
00000nab a2200000 a 4500 |
| 001 |
vtls000585987 |
| 003 |
SK-MaSNL |
| 005 |
20260304031838.0 |
| 008 |
170412c1996 xo 0 hun |
| 015 |
|
|
|a SNBRB19rr/mm-uuuuu
|
| 035 |
|
|
|a CL0586126
|
| 040 |
|
|
|a SNKBUCL
|b slo
|c SNKBUCL
|e AACR2
|
| 041 |
0 |
|
|a hun
|
| 044 |
|
|
|a xo
|c SK
|
| 080 |
|
|
|a 894.511 (100)-1=945.11
|2 1981
|
| 080 |
|
|
|a 894.511 (100)-97=945.11
|2 1981
|
| 080 |
|
|
|a 244
|2 1981
|
| 100 |
1 |
|
|a Tűz, Tamás,
|d 1916-1992
|4 aut
|9 868236
|
| 245 |
1 |
0 |
|a Keresztút
|c Tamás Tűz
|
| 500 |
|
|
|a Blok obsahuje 2 básne
|
| 655 |
|
7 |
|a články z novín a časopisov
|2 snkbucl
|9 267496
|
| 655 |
|
7 |
|a články z odboru literárna veda a krásna literatúra
|2 snkbucl
|9 770045
|
| 655 |
|
7 |
|a maďarská poézia
|2 snkbucl
|9 70602
|
| 740 |
0 |
2 |
|a IV. A találkozás
|
| 740 |
0 |
2 |
|a XII. A kereszthalál
|
| 773 |
0 |
|
|t Remény
|g Roč. 7, č. 13 (1996), s. 1
|
| 850 |
|
|
|a Slovenská národná knižnica v Martine
|a DSG001
|
| 852 |
|
|
|a Slovenská národná knižnica
|
| 958 |
|
|
|a CA
|
| 958 |
|
|
|a NX
|
| 958 |
|
|
|a RK
|
| 958 |
|
|
|a HU
|
| 958 |
|
|
|a LX
|
| 992 |
|
|
|a RBX
|
| 999 |
|
|
|c 2640102
|d 2642032
|